000 00799cam a22002411 4500
001 s 13000129
003 DLC
005 20260227111911.0
008 771212s1881 dcu 000 0 eng c
010 _as 13000129
035 _a(OCoLC)3483849
040 _aSmithsonian inst. Library
_cViU
_dDLC
042 _apremarc
050 0 0 _aQ11
_b.U6 no. 21
100 1 _aRidgway, Robert,
_d1850-1929.
245 1 0 _aNomenclature of North American birds chiefly contained in the United States National Museum.
_cBy Robert Ridgway.
260 _aWashington,
_bGovt. Print. Off.,
_c1881.
300 _a94 p.
_c24 cm.
490 0 _aBulletin of the United States Museum,
_vno. 21
490 0 _aSmithsonian Institution publication 422.
650 0 _aBirds
_xNomenclature.
650 0 _aBirds
_zNorth America.
999 _c52675
_d52675